Normal view
MARC view
- كرة اليد- القانون الدولي-الرياضة
Entry Topical Term
001 - CONTROL NUMBER
- control field: 34556
003 - CONTROL NUMBER IDENTIFIER
- control field: JO-AjAnu
005 - DATE AND TIME OF LATEST TRANSACTION
- control field: 20230606075804.0
008 - FIXED-LENGTH DATA ELEMENTS
- fixed length control field: 230606|| aca||aabn | a|a d
040 ## - CATALOGING SOURCE
- Original cataloging agency: JO-AjAnu
- Transcribing agency: JO-AjAnu
150 ## - HEADING--TOPICAL TERM
- Topical term or geographic name entry element: كرة اليد- القانون الدولي-الرياضة
670 ## - SOURCE DATA FOUND
- Source citation: Work cat.: (JO-AjAnu)17749: ترجمة حسن، سليمان علي، ترجمة التكريتي، وديع ياسين، ترجمة السراج، فؤاد ابراهيم, author 34555, ملحق كرة اليد: القانون الدولي